Statistiques concernant Calcul mental #Table de 13

Cliquez ici pour prendre le quiz!

Statistiques générales

  • Ce quiz a été pris 61 fois
  • Le résultat moyen est 12 sur 13

Statistiques - réponses

HintRéponse% Correct
1 x 1313
100%
2 x 1326
100%
3 x 1339
100%
4 x 1352
96%
5 x 1365
94%
8 x 13104
90%
6 x 1378
90%
7 x 1391
90%
10 x 13130
87%
9 x 13117
85%
11 x 13143
83%
13 x 13169
69%
12 X 13156
67%

Distribution des résultats

Percentile par nombre de réponses

% des personnes avec chaque résultat

Votre développement - résultats

Vous n’avez pas pris ce quiz